[Event "British Columbia-ch"]
[Site "Victoria CAN"]
[Date "2002.10.13"]
[Round "5"]
[White "Aquino, Manfrei"]
[Black "Berry, Jonathan"]
[Result "1/2-1/2"]
[WhiteElo "1997"]
[BlackElo "2356"]
[PlyCount "94"]
[EventDate "2002.10.11"]
[EventType "swiss"]
[EventRounds "7"]
[EventCountry "CAN"]

1. d4 Nf6 2. c4 e6 3. Nc3 Bb4 4. e3 c5 5. Bd3 Nc6 6. Nge2 d5 7. a3 Bxc3+ 8.
bxc3 O-O 9. O-O b6 10. f3 Ba6 11. cxd5 Bxd3 12. Qxd3 Nxd5 13. e4 Nde7 14. Rd1
cxd4 15. cxd4 Qd7 16. Bb2 Rfd8 17. Qb5 Na5 18. Qxd7 Rxd7 19. Rac1 Rad8 20. Rd3
f6 21. a4 Nec6 22. Bc3 Nb3 23. Rcd1 Nc5 24. R3d2 Nxa4 25. d5 exd5 26. exd5 Ne7
27. Bb4 Nf5 28. Kf2 a5 29. Ba3 b5 30. g4 Nd6 31. Bxd6 Rxd6 32. Ke3 Nb6 33. Ke4
Re8+ 34. Kf4 Nc4 35. Ra2 b4 36. Nc1 Ne3 37. Rd4 Nf1 38. h4 g5+ 39. hxg5 fxg5+
40. Kxg5 Rg6+ 41. Kf4 Rf6+ 42. Kg5 Kf7 43. Kh4 Rh6+ 44. Kg5 Rg6+ 45. Kh4 Rh6+
46. Kg5 Rg6+ 47. Kh4 Rh6+ 1/2-1/2

[Event "British Columbia-ch"]
[Site "Victoria CAN"]
[Date "2002.10.13"]
[Round "5"]
[White "Beqo, Besnik"]
[Black "Milicevic, Dragoljub"]
[Result "1/2-1/2"]
[WhiteElo "2198"]
[BlackElo "2251"]
[PlyCount "146"]
[EventDate "2002.10.11"]
[EventType "swiss"]
[EventRounds "7"]
[EventCountry "CAN"]

1. e4 d5 2. exd5 Nf6 3. d4 Nxd5 4. Nf3 g6 5. c4 Nb6 6. Be3 Bg7 7. h3 O-O 8. Be2
Nc6 9. Nc3 e5 10. d5 Ne7 11. O-O c6 12. dxc6 bxc6 13. Qxd8 Rxd8 14. Rfd1 Be6
15. b3 h6 16. Rac1 Nf5 17. Bc5 Nd7 18. Ne4 Nxc5 19. Nxc5 Nd4 20. Nxd4 exd4 21.
Nxe6 fxe6 22. Bd3 Kf7 23. Be4 Rac8 24. Rd3 c5 25. f4 Bf6 26. Re1 Rc7 27. Re2
Re7 28. Kf1 Rde8 29. Rg3 Rg8 30. Rf3 Rge8 31. Ke1 Kg7 32. Kd1 e5 33. f5 g5 34.
Kc2 h5 35. Kd3 Rh8 36. a3 a5 37. Rf1 Ree8 38. Bc6 Rb8 39. Rb1 Rb6 40. Bb5 Ra8
41. Ke4 Rd8 42. Rd2 Rb7 43. b4 cxb4 44. axb4 axb4 45. Rxb4 Be7 46. Ra4 Kf6 47.
Ra6+ Rd6 48. Rxd6+ Bxd6 49. Ra2 Rb6 50. g4 hxg4 51. hxg4 Bb4 52. Rh2 Bf8 53.
Ra2 Bb4 54. Ra4 Be7 55. Ra8 Rd6 56. c5 Rd8 57. Ra6+ Kg7 58. c6 Rc8 59. Kxe5
Bf6+ 60. Ke4 Re8+ 61. Kd3 Re3+ 62. Kd2 Rc3 63. Ra7+ Kh6 64. Rd7 Be5 65. Re7
Bf4+ 66. Kd1 d3 67. Bxd3 Rxd3+ 68. Kc2 Rd6 69. c7 Rc6+ 70. Kd3 Rxc7 71. Re6+
Kg7 72. Ke4 Kf7 73. Rh6 Rc1 1/2-1/2

[Event "British Columbia-ch"]
[Site "Victoria CAN"]
[Date "2002.10.13"]
[Round "5"]
[White "Kostadinov, Georgi"]
[Black "Scoones, Dan"]
[Result "0-1"]
[WhiteElo "2210"]
[BlackElo "2295"]
[PlyCount "110"]
[EventDate "2002.10.11"]
[EventType "swiss"]
[EventRounds "7"]
[EventCountry "CAN"]

1. d4 g6 2. Nf3 Nf6 3. Nc3 Bg7 4. Bf4 O-O 5. Qd2 Re8 6. O-O-O d5 7. Ne5 Be6 8.
Bh6 Bh8 9. f3 c5 10. e3 cxd4 11. exd4 a6 12. h4 Nfd7 13. f4 Nc6 14. h5 Nf8 15.
Bxf8 Rxf8 16. hxg6 fxg6 17. f5 Rxf5 18. Qh6 Bxe5 19. Qxh7+ Kf8 20. dxe5 Nxe5
21. Qh8+ Bg8 22. Rh7 Rf7 23. Rh3 Ng4 24. Rf3 e6 25. Kb1 Qg5 26. Rxf7+ Kxf7 27.
Ne4 Qe7 28. Be2 Ne3 29. Rd3 Nf5 30. Ng3 Qh4 31. Qxh4 Nxh4 32. c4 Ke7 33. Rb3
Ra7 34. Rb6 Nxg2 35. cxd5 Nf4 36. Bf3 exd5 37. Kc2 Be6 38. Kc3 Kd7 39. a4 Kc7
40. a5 Ra8 41. Ne2 Nxe2+ 42. Bxe2 Bf5 43. Kd4 Be4 44. Rf6 Rd8 45. b4 Rd6 46.
Rf7+ Rd7 47. Rf8 Rg7 48. Kc5 Bf5 49. Kxd5 Bd7 50. Kc5 g5 51. Bf3 g4 52. Bg2 Bc6
53. Bxc6 bxc6 54. Rf2 g3 55. Rg2 Rg4 0-1

[Event "British Columbia-ch"]
[Site "Victoria CAN"]
[Date "2002.10.13"]
[Round "5"]
[White "Mandic, Slaven"]
[Black "Stanford, Mike"]
[Result "0-1"]
[WhiteElo "2051"]
[BlackElo "2155"]
[PlyCount "78"]
[EventDate "2002.10.11"]
[EventType "swiss"]
[EventRounds "7"]
[EventCountry "CAN"]

1. f4 c5 2. b3 Nf6 3. Bb2 g6 4. e3 Bg7 5. Nf3 O-O 6. Be2 b6 7. O-O Bb7 8. Qe1
d6 9. Qh4 e6 10. Nc3 h6 11. g4 Nc6 12. Nd1 Ne8 13. Qg3 Ne7 14. Bxg7 Kxg7 15.
Nh4 f6 16. g5 hxg5 17. fxg5 f5 18. Bf3 Bxf3 19. Rxf3 e5 20. Nc3 Nc7 21. Raf1
Ne6 22. Ng2 Qd7 23. h4 Rh8 24. a4 a6 25. Ne2 Nc6 26. c3 e4 27. R3f2 Ne5 28.
Nef4 Ng4 29. Re2 Rad8 30. Nd5 b5 31. axb5 Qxb5 32. Ree1 Qxb3 33. Ndf4 Nxf4 34.
Nxf4 Ne5 35. Rb1 Qf7 36. Rb6 a5 37. Rfb1 Rxh4 38. Ng2 Rg4 39. Qh2 Nf3+ 0-1

[Event "British Columbia-ch"]
[Site "Victoria CAN"]
[Date "2002.10.13"]
[Round "5"]
[White "Moore, Harry"]
[Black "Bouvier, Jesse"]
[Result "1-0"]
[WhiteElo "2266"]
[BlackElo "2005"]
[PlyCount "43"]
[EventDate "2002.10.11"]
[EventType "swiss"]
[EventRounds "7"]
[EventCountry "CAN"]

1. e4 c5 2. Nf3 Nc6 3. d4 cxd4 4. Nxd4 Qb6 5. Nb3 Nf6 6. Nc3 e6 7. Bd3 a6 8.
O-O Qc7 9. f4 d6 10. Kh1 b5 11. a3 Bb7 12. Qe1 Be7 13. Qg3 O-O 14. Qh3 Rfe8 15.
Be3 Nd7 16. f5 Bf6 17. fxe6 fxe6 18. e5 Ndxe5 19. Qxh7+ Kf7 20. Rxf6+ Kxf6 21.
Bg5+ Kxg5 22. Ne4+ 1-0

[Event "British Columbia-ch"]
[Site "Victoria CAN"]
[Date "2002.10.13"]
[Round "5"]
[White "Yoos, John"]
[Black "Ferguson, Jim"]
[Result "1-0"]
[WhiteElo "2437"]
[BlackElo "2197"]
[PlyCount "57"]
[EventDate "2002.10.11"]
[EventType "swiss"]
[EventRounds "7"]
[EventCountry "CAN"]

1. e4 c5 2. Nf3 d6 3. d4 Nf6 4. Nc3 cxd4 5. Nxd4 Nc6 6. Bg5 e6 7. Qd2 Qb6 8.
Bxf6 gxf6 9. Nb3 a6 10. Be2 Bd7 11. O-O Be7 12. Kh1 Qc7 13. f4 O-O-O 14. Rad1
Kb8 15. Bh5 Rhf8 16. Rf3 Na5 17. Nd4 Nc4 18. Qc1 Rc8 19. Rg3 Qc5 20. f5 Ne5 21.
Bxf7 Nxf7 22. fxe6 Bc6 23. exf7 Qe5 24. Rf3 Bd7 25. Nf5 Rxf7 26. Rd5 Qe6 27.
Qf4 Bc6 28. Nxe7 Bxd5 29. Nxc8 1-0

[Event "British Columbia-ch"]
[Site "Victoria CAN"]
[Date "2002.10.14"]
[Round "6"]
[White "Beqo, Besnik"]
[Black "Moore, Harry"]
[Result "1/2-1/2"]
[WhiteElo "2198"]
[BlackElo "2266"]
[PlyCount "82"]
[EventDate "2002.10.11"]
[EventType "swiss"]
[EventRounds "7"]
[EventCountry "CAN"]

1. d4 g6 2. e4 Bg7 3. Nc3 d6 4. g3 Nc6 5. Nge2 Bg4 6. Be3 e5 7. dxe5 Nxe5 8.
Bg2 Nf6 9. h3 Bf3 10. O-O O-O 11. Bxf3 Nxf3+ 12. Kg2 Ne5 13. b3 Re8 14. Qd2
Ned7 15. f3 d5 16. Nxd5 Nxd5 17. Qxd5 Bxa1 18. Rxa1 Ne5 19. Nf4 c6 20. Qc5 Qe7
21. Qc3 b6 22. Re1 a5 23. Bd4 Qb4 24. a4 Qxc3 25. Bxc3 Rad8 26. Bxe5 Rxe5 27.
Nd3 Re7 28. Kf2 Red7 29. Ke3 c5 30. Re2 Rd4 31. Nf4 Rd1 32. Nd5 Rb8 33. h4 c4
34. Kf4 b5 35. axb5 cxb3 36. cxb3 Rd3 37. b6 Rxb3 38. Ra2 Rb5 39. g4 Kg7 40. g5
h6 41. Ra4 hxg5+ 1/2-1/2

[Event "British Columbia-ch"]
[Site "Victoria CAN"]
[Date "2002.10.14"]
[Round "6"]
[White "Berry, Jonathan"]
[Black "Mandic, Slaven"]
[Result "1-0"]
[WhiteElo "2356"]
[BlackElo "2051"]
[PlyCount "53"]
[EventDate "2002.10.11"]
[EventType "swiss"]
[EventRounds "7"]
[EventCountry "CAN"]

1. d4 d5 2. c4 e6 3. cxd5 exd5 4. Nc3 c6 5. Bf4 Bd6 6. Bg3 Nf6 7. e3 Bf5 8. Nf3
Bxg3 9. hxg3 Nbd7 10. Nh4 Bg4 11. Qc2 Qa5 12. Bd3 O-O-O 13. a3 g6 14. b4 Qc7
15. O-O h5 16. Rfc1 g5 17. Nf5 Bxf5 18. Bxf5 a6 19. a4 Kb8 20. b5 c5 21. bxa6
bxa6 22. Rab1+ Ka7 23. Bxd7 Rxd7 24. Qf5 Qd8 25. dxc5 g4 26. Rb6 Ne8 27. Rcb1
1-0

[Event "British Columbia-ch"]
[Site "Victoria CAN"]
[Date "2002.10.14"]
[Round "6"]
[White "Bouvier, Jesse"]
[Black "Ferguson, Jim"]
[Result "1/2-1/2"]
[WhiteElo "2005"]
[BlackElo "2197"]
[PlyCount "59"]
[EventDate "2002.10.11"]
[EventType "swiss"]
[EventRounds "7"]
[EventCountry "CAN"]

1. e4 c5 2. Nf3 d6 3. d4 Nf6 4. Nc3 cxd4 5. Nxd4 Nc6 6. Bg5 e6 7. Qd2 a6 8.
O-O-O Bd7 9. f3 b5 10. Nxc6 Bxc6 11. Kb1 Qc7 12. Bd3 Be7 13. h4 b4 14. Ne2 h6
15. Be3 d5 16. e5 Nd7 17. f4 a5 18. Rh3 a4 19. Nc1 Nc5 20. Bxc5 Bxc5 21. Rg3
O-O 22. Re1 f5 23. exf6 Rxf6 24. Rg6 Rxg6 25. Bxg6 Bd7 26. f5 Qd6 27. fxe6 Bxe6
28. Nd3 Bd7 29. Nxc5 Qxc5 30. Rd1 1/2-1/2

[Event "British Columbia-ch"]
[Site "Victoria CAN"]
[Date "2002.10.14"]
[Round "6"]
[White "Schuetzhold, Ralf"]
[Black "Aquino, Manfrei"]
[Result "1-0"]
[WhiteElo "2153"]
[BlackElo "1997"]
[PlyCount "23"]
[EventDate "2002.10.11"]
[EventType "swiss"]
[EventRounds "7"]
[EventCountry "CAN"]

1. e4 e5 2. Nf3 Nc6 3. d4 exd4 4. Bc4 Be7 5. c3 Nf6 6. e5 Ne4 7. Bd5 Ng5 8.
Nxg5 Bxg5 9. Qh5 g6 10. Qxg5 Qxg5 11. Bxg5 dxc3 12. Nxc3 1-0

[Event "British Columbia-ch"]
[Site "Victoria CAN"]
[Date "2002.10.14"]
[Round "6"]
[White "Scoones, Dan"]
[Black "Yoos, John"]
[Result "0-1"]
[WhiteElo "2295"]
[BlackElo "2437"]
[PlyCount "106"]
[EventDate "2002.10.11"]
[EventType "swiss"]
[EventRounds "7"]
[EventCountry "CAN"]
[Source "CFC"]
[SourceDate "2003.02.??"]

1. c4 e5 2. Nc3 Nf6 3. Nf3 Nc6 4. e4 Bb4 5. d3 d6 6. g3 O-O 7. Bg2 Ne7 8. O-O
c6 9. a3 Bxc3 10. bxc3 Ng6 11. a4 Re8 12. Qb3 h6 13. Re1 Qc7 14. Rb1 Rb8 15.
Be3 b6 16. Qa3 Ba6 17. a5 b5 18. cxb5 Bxb5 19. c4 Ba6 20. h3 Rxb1 21. Rxb1 Rb8
22. Nd2 c5 23. Rxb8+ Qxb8 24. Nb3 Bc8 25. Kh2 Qc7 26. f3 Ne7 27. h4 Nc6 28. Bd2
Bd7 29. Bh3 Be8 30. Kg2 Qb8 31. Kf2 Nb4 32. Bf1 Nd7 33. Be2 Nf8 34. f4 Nc6 35.
f5 Nd7 36. Bd1 Qb7 37. Ke2 Ndb8 38. f6 Qd7 39. Kf2 Qh3 40. Bf3 Qe6 41. fxg7
Kxg7 42. Qc1 Na6 43. Qd1 Bd7 44. Be3 Nab4 45. Bc1 Ne7 46. Qf1 Ba4 47. Nd2 Qf6
48. Ke3 Nec6 49. Qh3 Bc2 50. Be2 Nd4 51. Bf1 Bd1 52. Nb1 Qf3+ 53. Kd2 Qf2+ 0-1

[Event "British Columbia-ch"]
[Site "Victoria CAN"]
[Date "2002.10.14"]
[Round "6"]
[White "Stanford, Mike"]
[Black "Kostadinov, Georgi"]
[Result "1-0"]
[WhiteElo "2155"]
[BlackElo "2210"]
[PlyCount "105"]
[EventDate "2002.10.11"]
[EventType "swiss"]
[EventRounds "7"]
[EventCountry "CAN"]

1. e4 c5 2. Nf3 d6 3. d4 cxd4 4. Nxd4 Nf6 5. Nc3 a6 6. Bg5 e6 7. f4 Qc7 8. Qf3
Nbd7 9. O-O-O Be7 10. Qg3 h6 11. Bh4 g5 12. fxg5 Nh5 13. Qe3 Qc5 14. Kb1 hxg5
15. Bf2 Ne5 16. Qd2 Qc7 17. h4 g4 18. g3 Bd7 19. a3 Rc8 20. Be2 Nc4 21. Bxc4
Qxc4 22. Rhe1 b5 23. Qe2 Nf6 24. Rd3 e5 25. Nb3 Qc7 26. Be3 Be6 27. Nd2 Nd7 28.
Nd5 Qxc2+ 29. Ka1 a5 30. Rb3 b4 31. Qb5 Bd8 32. axb4 axb4 33. Qxb4 O-O 34. Ra3
Rb8 35. Qc3 Qxc3 36. Nxc3 Nb6 37. Rd1 Be7 38. Ra7 Rfe8 39. Kb1 f5 40. Kc1 fxe4
41. Ndxe4 Nc4 42. Bg5 Ra8 43. Rxe7 Rxe7 44. Bxe7 Ra1+ 45. Kc2 Ne3+ 46. Kd2 Nxd1
47. Nxd1 d5 48. Ng5 Bd7 49. Bf6 e4 50. Ne3 Ra5 51. Bd4 Rb5 52. Kc3 Kf8 53. h5
1-0

[Event "British Columbia-ch"]
[Site "Victoria CAN"]
[Date "2002.10.14"]
[Round "7"]
[White "Bouvier, Jesse"]
[Black "Scoones, Dan"]
[Result "1/2-1/2"]
[WhiteElo "2005"]
[BlackElo "2295"]
[PlyCount "51"]
[EventDate "2002.10.11"]
[EventType "swiss"]
[EventRounds "7"]
[EventCountry "CAN"]

1. e4 d5 2. exd5 Nf6 3. d4 Nxd5 4. c4 Nb6 5. Nf3 g6 6. Nc3 Bg7 7. Be2 O-O 8.
O-O Nc6 9. d5 Ne5 10. c5 Nbd7 11. Be3 Nxf3+ 12. Bxf3 Ne5 13. Be2 c6 14. f4 Nd7
15. dxc6 bxc6 16. Qa4 Qc7 17. Rad1 a5 18. Bf3 Bb7 19. Rd2 Rad8 20. Rfd1 Nb8 21.
a3 Rxd2 22. Rxd2 Rd8 23. Qd1 Rxd2 24. Qxd2 Nd7 25. Bg4 Nf6 26. Bf3 1/2-1/2

[Event "British Columbia-ch"]
[Site "Victoria CAN"]
[Date "2002.10.14"]
[Round "7"]
[White "Mandic, Slaven"]
[Black "Wu, Howard"]
[Result "1-0"]
[WhiteElo "2051"]
[BlackElo "2176"]
[PlyCount "39"]
[EventDate "2002.10.11"]
[EventType "swiss"]
[EventRounds "7"]
[EventCountry "CAN"]

1. f4 c5 2. b3 Nc6 3. e3 Nf6 4. Nf3 d5 5. Bb5 Bg4 6. h3 Bxf3 7. Qxf3 e6 8. Bb2
Be7 9. Bxc6+ bxc6 10. O-O Qb6 11. Nc3 c4 12. Na4 Qb4 13. Rac1 cxb3 14. axb3 O-O
15. g4 c5 16. g5 Ne4 17. Ba1 Qa5 18. Qg2 f5 19. d3 Nc3 20. Qd2 1-0

[Event "British Columbia-ch"]
[Site "Victoria CAN"]
[Date "2002.10.14"]
[Round "7"]
[White "Milicevic, Dragoljub"]
[Black "Stanford, Mike"]
[Result "1/2-1/2"]
[WhiteElo "2251"]
[BlackElo "2155"]
[PlyCount "45"]
[EventDate "2002.10.11"]
[EventType "swiss"]
[EventRounds "7"]
[EventCountry "CAN"]

1. Nf3 d5 2. g3 Nc6 3. d4 Bf5 4. Bg2 e6 5. O-O Nf6 6. b3 Be7 7. Bb2 h6 8. e3 a5
9. a4 Nb4 10. Na3 c6 11. Ne5 O-O 12. c3 Na6 13. Re1 Re8 14. g4 Be4 15. f3 Bh7
16. f4 Nd7 17. Nxd7 Qxd7 18. Qe2 Bd6 19. Rad1 f6 20. c4 Qe7 21. c5 Bc7 22. e4
Nb4 23. Nc2 1/2-1/2

[Event "CAN-ch"]
[Site "Richmond CAN"]
[Date "2002.03.21"]
[Round "1.2"]
[White "Divljan, Igor"]
[Black "Spraggett, Kevin"]
[Result "0-1"]
[WhiteElo "2242"]
[BlackElo "2629"]
[PlyCount "160"]
[EventDate "2002.03.21"]
[EventType "swiss"]
[EventRounds "11"]
[EventCountry "CAN"]

1. d4 Nf6 2. c4 d6 3. Nc3 Nbd7 4. Nf3 c6 5. e4 e5 6. Be2 Be7 7. O-O O-O 8. Qc2
a6 9. dxe5 dxe5 10. Rd1 Qc7 11. h3 a5 12. Be3 Bc5 13. Na4 Bxe3 14. fxe3 Re8 15.
Nd2 b6 16. Nf1 Ba6 17. a3 Rac8 18. b4 axb4 19. axb4 Ra8 20. Nc3 Bb7 21. Ng3 g6
22. Qb2 Rxa1 23. Rxa1 Kg7 24. Qd2 h5 25. Bf3 Nf8 26. Rd1 Ra8 27. Qd6 Qxd6 28.
Rxd6 Ne8 29. Rd2 Kf6 30. Bd1 Ra1 31. Na4 Rb1 32. Nxb6 Rxb4 33. c5 Ne6 34. Nd7+
Ke7 35. Nxe5 Nxc5 36. Bf3 Nf6 37. Rc2 Nfd7 38. Nxd7 Nxd7 39. Ne2 Rb1+ 40. Kf2
Ne5 41. Nd4 c5 42. Ne2 h4 43. Nc3 Rb3 44. Nd5+ Bxd5 45. exd5 Kd6 46. Ra2 Rb2+
47. Rxb2 Nd3+ 48. Ke2 Nxb2 49. e4 Ke5 50. Ke3 Nc4+ 51. Kd3 Nd6 52. Kc3 f6 53.
Kd3 Kf4 54. Kd2 g5 55. Kd3 Ke5 56. Kc3 Nf7 57. Bh5 Nd6 58. Bf3 c4 59. Be2 Kxe4
60. Bxc4 Ke3 61. Kb4 Kd4 62. Be2 Ne4 63. Kb3 Kxd5 64. Kc2 Kd4 65. Bf3 Ke3 66.
Kd1 Nc5 67. Ke1 Kf4 68. Kf2 Nd3+ 69. Kg1 Kg3 70. Be4 Nf4 71. Bc6 Ne2+ 72. Kh1
Nd4 73. Bb7 Kf2 74. Kh2 f5 75. Bc8 f4 76. Bg4 f3 77. gxf3 Nxf3+ 78. Kh1 Kg3 79.
Bc8 Ne1 80. Bf5 Ng2 0-1

[Event "CAN-ch"]
[Site "Richmond CAN"]
[Date "2002.03.21"]
[Round "1.3"]
[White "Cummings, David"]
[Black "Zubac, Marius"]
[Result "1-0"]
[WhiteElo "2490"]
[BlackElo "2231"]
[PlyCount "53"]
[EventDate "2002.03.21"]
[EventType "swiss"]
[EventRounds "11"]
[EventCountry "CAN"]

1. c4 f5 2. g3 Nf6 3. d4 e6 4. Bg2 d5 5. Nh3 c6 6. O-O Be7 7. Nd2 O-O 8. Qc2 b5
9. c5 a5 10. Nf3 Na6 11. Nf4 Bd7 12. Ne5 Ng4 13. Nxg4 fxg4 14. e4 Bf6 15. e5
Bg5 16. Qe2 Bxf4 17. Bxf4 h5 18. f3 gxf3 19. Bxf3 h4 20. Qd2 hxg3 21. hxg3 Qe8
22. Be2 Qg6 23. Bd3 Qh5 24. Kg2 Nb4 25. Rh1 Qg4 26. Bh7+ Kf7 27. Rh4 1-0

[Event "CAN-ch"]
[Site "Richmond CAN"]
[Date "2002.03.21"]
[Round "1.6"]
[White "Jiganchine, Roman"]
[Black "Yoos, John"]
[Result "1/2-1/2"]
[WhiteElo "2219"]
[BlackElo "2425"]
[PlyCount "66"]
[EventDate "2002.03.21"]
[EventType "swiss"]
[EventRounds "11"]
[EventCountry "CAN"]

1. e4 c5 2. c3 Nf6 3. e5 Nd5 4. d4 cxd4 5. Nf3 e6 6. cxd4 b6 7. Nc3 Nxc3 8.
bxc3 Qc7 9. Bd2 Bb7 10. Bd3 d6 11. O-O Nd7 12. Re1 dxe5 13. Nxe5 Nxe5 14. Rxe5
Bd6 15. Rh5 g6 16. Rh3 O-O 17. Qg4 f5 18. Qe2 Rfe8 19. Bc4 Be4 20. Bb3 Rac8 21.
Re1 Kh8 22. Bg5 Bf8 23. Bf6+ Bg7 24. Bxg7+ Kxg7 25. Re3 Qc6 26. f3 Bd5 27. Bxd5
Qxd5 28. Rxe6 Rxe6 29. Qxe6 Qxe6 30. Rxe6 Kf7 31. Re3 f4 32. Rd3 Ke6 33. Kf2
Kd5 1/2-1/2

[Event "CAN-ch"]
[Site "Richmond CAN"]
[Date "2002.03.21"]
[Round "1.7"]
[White "Ross, Dave"]
[Black "Patterson, Roger"]
[Result "1/2-1/2"]
[WhiteElo "2397"]
[BlackElo "2214"]
[PlyCount "86"]
[EventDate "2002.03.21"]
[EventType "swiss"]
[EventRounds "11"]
[EventCountry "CAN"]

1. f4 d5 2. b3 Nf6 3. Bb2 e6 4. Nf3 Be7 5. e3 c5 6. Bb5+ Bd7 7. a4 O-O 8. O-O
Be8 9. Ne5 Qc7 10. Rf3 Nc6 11. Rg3 Rd8 12. Nxc6 Bxc6 13. Be5 Qd7 14. Bd3 g6 15.
Rh3 d4 16. exd4 cxd4 17. Na3 Qd5 18. Qe2 Ne4 19. Nb5 f6 20. Nxa7 fxe5 21. Nxc6
Qxc6 22. Bxe4 Qb6 23. Qd3 Bf6 24. a5 Qc7 25. fxe5 Bxe5 26. b4 Rf4 27. Rf1 Rdf8
28. Rxf4 Rxf4 29. Qe2 Bd6 30. Rb3 Qe7 31. g3 Rf7 32. b5 d3 33. Bxd3 Bc5+ 34.
Kh1 Rf2 35. Qe5 Qf7 36. Be4 Rf1+ 37. Kg2 Rg1+ 38. Kh3 Qf1+ 39. Kg4 h5+ 40. Kg5
Be7+ 41. Kxg6 Qf7+ 42. Kh6 Bf8+ 43. Kg5 Be7+ 1/2-1/2

[Event "CAN-ch"]
[Site "Richmond CAN"]
[Date "2002.03.21"]
[Round "1.9"]
[White "Berry, Jonathan"]
[Black "Lawson, Eric"]
[Result "1/2-1/2"]
[WhiteElo "2379"]
[BlackElo "2200"]
[PlyCount "39"]
[EventDate "2002.03.21"]
[EventType "swiss"]
[EventRounds "11"]
[EventCountry "CAN"]

1. c4 b6 2. e4 Bb7 3. Nc3 e6 4. Nf3 Bb4 5. Bd3 Ne7 6. a3 Bxc3 7. dxc3 O-O 8.
O-O d6 9. Re1 Nd7 10. b4 Qe8 11. Ra2 f6 12. Nd4 Qf7 13. a4 e5 14. Nb3 a5 15. c5
bxc5 16. bxc5 d5 17. Bb5 Rfd8 18. c6 Bxc6 19. Bxc6 Nxc6 20. Qxd5 1/2-1/2

[Event "CAN-ch"]
[Site "Richmond CAN"]
[Date "2002.03.21"]
[Round "1.10"]
[White "Kret, Ted"]
[Black "Reeve, Jeff"]
[Result "0-1"]
[WhiteElo "2190"]
[BlackElo "2348"]
[PlyCount "108"]
[EventDate "2002.03.21"]
[EventType "swiss"]
[EventRounds "11"]
[EventCountry "CAN"]

1. d4 Nf6 2. c4 c5 3. d5 b5 4. Nd2 bxc4 5. e4 d6 6. Ne2 g6 7. Nc3 Bg7 8. Nxc4
O-O 9. Be2 Ba6 10. O-O Bxc4 11. Bxc4 Nbd7 12. Re1 Rb8 13. Bf1 Rb4 14. Qc2 Qc7
15. a4 Qb7 16. Na2 Rd4 17. Rb1 Rb8 18. f3 Qb3 19. Qxb3 Rxb3 20. Be2 Rb7 21. Bd1
Ne5 22. Be3 Rc4 23. Re2 e6 24. dxe6 fxe6 25. Bc2 Nc6 26. b3 Nd4 27. bxc4 Nxe2+
28. Kf1 Rxb1+ 29. Bxb1 Nd4 30. Nc3 Nc6 31. Nb5 Ne8 32. e5 Bxe5 33. Be4 Na5 34.
Nxa7 Nxc4 35. Bg5 Kf7 36. Ke2 Bxh2 37. Bd8 d5 38. Bd3 Nb2 39. a5 Bc7 40. Nc6
Bxd8 41. Nxd8+ Ke7 42. Nb7 c4 43. Bc2 Nc7 44. Kd2 Na6 45. Kc3 Kd7 46. Kxb2 Kc7
47. Kc3 Kxb7 48. Ba4 Nc5 49. Be8 Ka6 50. Kb4 Nd3+ 51. Ka4 Ne1 52. Bf7 Nxg2 53.
Bxe6 Nf4 54. Bc8+ Ka7 0-1

[Event "CAN-ch"]
[Site "Richmond CAN"]
[Date "2002.03.21"]
[Round "1.11"]
[White "Ristovic, Nenad"]
[Black "Stanford, Mike"]
[Result "1-0"]
[WhiteElo "2346"]
[BlackElo "2173"]
[PlyCount "121"]
[EventDate "2002.03.21"]
[EventType "swiss"]
[EventRounds "11"]
[EventCountry "CAN"]

1. d4 d5 2. c4 c6 3. cxd5 cxd5 4. Nc3 Nf6 5. Bf4 a6 6. e3 Nc6 7. Bd3 e6 8. Nf3
Be7 9. h3 O-O 10. O-O b5 11. Rc1 Bb7 12. Ne5 Rc8 13. Qe2 Nxe5 14. Bxe5 Nd7 15.
Bg3 Nb6 16. Nb1 Qd7 17. Nd2 Rxc1 18. Rxc1 Rc8 19. Rf1 Nc4 20. Nf3 Nd6 21. Bxd6
Bxd6 22. Nd2 g6 23. Nb3 Qc7 24. Qd2 b4 25. Rc1 Qb6 26. Rxc8+ Bxc8 27. Qc2 Bb7
28. Nc5 Bxc5 29. dxc5 Qc6 30. f3 f5 31. a3 a5 32. Kf2 Kf7 33. a4 Qc7 34. Bb5
Bc6 35. f4 e5 36. g3 Ke6 37. fxe5 Kxe5 38. b3 Ba8 39. Qb2+ Ke6 40. Qh8 Bb7 41.
Qe8+ Kf6 42. c6 Bc8 43. Qf8+ Ke6 44. Ke2 Ke5 45. Kd3 Be6 46. Qh6 Kf6 47. Qh4+
Kg7 48. Qf4 Qe7 49. Qe5+ Kf7 50. Kd4 Qa7+ 51. Kd3 Qc5 52. c7 Qc1 53. Ke2 Qc2+
54. Kf1 Qc1+ 55. Kf2 Qc2+ 56. Kf3 Qe4+ 57. Qxe4 dxe4+ 58. Kf4 Kf6 59. h4 h6 60.
g4 g5+ 61. hxg5+ 1-0

[Event "CAN-ch"]
[Site "Richmond CAN"]
[Date "2002.03.21"]
[Round "1.12"]
[White "Milicevic, Dragoljub"]
[Black "Bogle, Bill"]
[Result "1-0"]
[WhiteElo "2323"]
[BlackElo "2164"]
[PlyCount "85"]
[EventDate "2002.03.21"]
[EventType "swiss"]
[EventRounds "11"]
[EventCountry "CAN"]

1. g3 e5 2. Bg2 Nc6 3. c4 d6 4. Nc3 Be6 5. d3 Qd7 6. Rb1 f5 7. b4 Nf6 8. b5 Nd8
9. Nf3 Be7 10. O-O h6 11. Qb3 O-O 12. Nd5 Nxd5 13. cxd5 Bf7 14. Ba3 a6 15. b6
c5 16. Nd2 Bh5 17. e4 f4 18. f3 Kh7 19. Nc4 g5 20. Bc1 Be8 21. Qc2 Nf7 22. Qe2
Nh8 23. Rf2 Ng6 24. Qf1 Bd8 25. Bh3 Qe7 26. Bg4 Bd7 27. Qh3 Bxg4 28. Qxg4 Rf7
29. Bd2 Nf8 30. Kh1 Nd7 31. Bc3 Qf6 32. Qe6 fxg3 33. hxg3 Nf8 34. Qxd6 Qxd6 35.
Nxd6 Rd7 36. Nc4 Bf6 37. Bxe5 Kg7 38. f4 g4 39. Kg2 Ng6 40. Bxf6+ Kxf6 41. e5+
Kg7 42. d6 Re8 43. Re1 1-0

[Event "CAN-ch"]
[Site "Richmond CAN"]
[Date "2002.03.21"]
[Round "1.13"]
[White "Neven, Knut"]
[Black "Salcedo, Daniel"]
[Result "1-0"]
[WhiteElo "2309"]
[BlackElo "2158"]
[PlyCount "123"]
[EventDate "2002.03.21"]
[EventType "swiss"]
[EventRounds "11"]
[EventCountry "CAN"]

1. d4 Nf6 2. c4 c5 3. d5 e6 4. Nc3 exd5 5. cxd5 d6 6. e4 g6 7. h3 Bg7 8. Nf3
O-O 9. Bd3 a6 10. a4 Nbd7 11. O-O Qc7 12. Be3 Re8 13. Qe2 Rb8 14. Rac1 Nb6 15.
b4 cxb4 16. Nb5 Qd8 17. Nc7 Nxa4 18. Ba7 Nc3 19. Rxc3 bxc3 20. Nxe8 Ra8 21.
Nxf6+ Bxf6 22. Bd4 Bxd4 23. Nxd4 Qf6 24. Nc2 Bd7 25. f4 Re8 26. Rf3 b5 27. Kh1
Qd8 28. Qe1 Qa5 29. Qh4 Qd8 30. Qh6 Qf6 31. f5 Qg7 32. Qc1 a5 33. f6 Qf8 34.
Qa1 b4 35. Qxa5 b3 36. Nd4 Qh6 37. Qxc3 Bg4 38. Rg3 Bd1 39. Nxb3 Qf4 40. Bb5
Rb8 41. Nd4 Qxf6 42. Qd2 Qh4 43. Rc3 Bg4 44. Kg1 Bc8 45. Bd3 Ra8 46. Qc1 Bxh3
47. gxh3 Qg3+ 48. Kf1 Qxh3+ 49. Ke1 Qg3+ 50. Kd2 Qf4+ 51. Kc2 Qf2+ 52. Ne2 Ra2+
53. Kb1 Rxe2 54. Rc8+ Kg7 55. Bxe2 Qxe2 56. Qb2+ Qxb2+ 57. Kxb2 Kf6 58. Kc3 h5
59. Kd4 g5 60. Rh8 h4 61. Rh6+ Ke7 62. e5 1-0

[Event "CAN-ch"]
[Site "Richmond CAN"]
[Date "2002.03.21"]
[Round "1.14"]
[White "Mayo, Alvah"]
[Black "Huber, Greg"]
[Result "1/2-1/2"]
[WhiteElo "2154"]
[BlackElo "2303"]
[PlyCount "60"]
[EventDate "2002.03.21"]
[EventType "swiss"]
[EventRounds "11"]
[EventCountry "CAN"]

1. e4 c5 2. Nc3 Nc6 3. f4 g6 4. Nf3 Bg7 5. Bb5 a6 6. Bxc6 bxc6 7. O-O Nf6 8. d3
d6 9. h3 O-O 10. Qe1 e6 11. Qh4 Nd7 12. Qxd8 Rxd8 13. Re1 e5 14. Bd2 Rb8 15.
Rab1 f6 16. Na4 exf4 17. Bxf4 Ne5 18. Nxe5 fxe5 19. Bg5 Re8 20. b3 Be6 21. b4
h6 22. Bd2 Kh7 23. Rf1 Bf8 24. Rf2 Be7 25. Kh2 h5 26. g3 Rg8 27. Rg1 Rg7 28.
Be3 Rbg8 29. Kg2 Rd8 30. Rgf1 Rgg8 1/2-1/2